[Event "84th ESP-ch 2019"]
[Site "Marbella"]
[Date "2019.11.18"]
[Round "3.11"]
[White "Del Rio De Angelis, Salvador G."]
[Black "Berrocal Ruiz, Valentin"]
[Result "1-0"]
[WhiteElo "2502"]
[BlackElo "2143"]
[Annotator "RC"]
[PlyCount "117"]
[EventDate "2019.11.16"]
[EventType "swiss"]
[EventCountry "ESP"]
[SourceTitle "playchess.com"]
[Source "ChessBase"]
[SourceQuality "1"]
[TimeControl "5400+30"]

1. d4 {[%emt 0:00:00]} Nf6 {[%emt 0:00:00]} 2. c4 {[%emt 0:00:00]} g6 {[%emt 0:00:00]} 3. Nc3 {[%emt 0:00:10]} Bg7 {[%emt 0:00:00]} 4. e4 {[%emt 0:00:09]} O-O {[%emt 0:00:00]} 5. Be3 {[%emt 0:00:28]} d6 {[%emt 0:01:19]} 6. h3 {[%emt 0:00:08]} e5 {[%emt 0:00:54]} 7. d5 {[%emt 0:00:07]} Na6 {[%emt 0:01:29]} 8. g4 {[%emt 0:00:16]} Nc5 {[%emt 0:00:57]} 9. f3 {[%emt 0:00:09]} a5 {[%emt 0:00:34]} 10. h4 {[%emt 0:00:39]} c6 {[%emt 0:09:00]} 11. Nh3 {[%emt 0:01:01]} cxd5 {[%emt 0:05:13]} 12. cxd5 {[%emt 0:00:09]} Qb6 {[%emt 0:04:47]} 13. Qd2 {[%emt 0:05:40]} Bd7 {[%emt 0:05:04]} 14. Nf2 {[%emt 0:05:30]} a4 {[%emt 0:07:31]} 15. Nd3 {[%emt 0:08:41]} Nxd3+ {[%emt 0:03:59]} 16. Bxd3 {[%emt 0:00:07]} Qa5 {[%emt 0:00:11]} 17. Nd1 {[%emt 0:03:34]} Rfc8 {[%emt 0:04:10]} 18. Qxa5 {[%emt 0:03:12]} Rxa5 {[%emt 0:00:07]} 19. Bd2 {[%emt 0:01:53]} Raa8 {[%emt 0:03:09]} 20. Ne3 {[%emt 0:00:56]} b5 {[%emt 0:05:15]} 21. Ke2 {[%emt 0:14:49]} h5 {[%emt 0:08:46]} 22. Rhg1 {[%emt 0:02:59]} Bf8 {[%emt 0:01:05]} 23. g5 {[%emt 0:07:19]} Ne8 {[%emt 0:00:18]} 24. Nc2 {[%emt 0:00:57]} Nc7 {[%emt 0:02:22]} 25. b4 {[%emt 0:03:44]} Bg7 {[%emt 0:08:56]} 26. Na3 {[%emt 0:00:35]} Kf8 {[%emt 0:05:31]} 27. Rac1 {[%emt 0:00:10]} Ke7 {[%emt 0:00:47]} 28. Rc2 {[%emt 0:00:13]} Rab8 {[%emt 0:01:54]} 29. Rgc1 {[%emt 0:01:30]} Kd8 {[%emt 0:01:15]} 30. Kf2 {[%emt 0:00:32]} Bh8 {[%emt 0:01:34]} 31. Kg3 {[%emt 0:00:15]} Bg7 {[%emt 0:01:54]} 32. Bf1 {[%emt 0:00:20]} Bh8 {[%emt 0:02:36]} 33. Be3 {[%emt 0:03:01]} Bg7 {[%emt 0:01:05]} 34. Bh3 {[%emt 0:01:49]} Bf8 {[%emt 0:03:36]} 35. Bxd7 {[%emt 0:04:07]} Kxd7 {[%emt 0:00:06]} 36. Rc6 {[%emt 0:00:09]} Be7 {[%emt 0:00:40]} 37. Kf2 {[%emt 0:01:14]} Bd8 {[%emt 0:02:32]} 38. Ke2 {[%emt 0:00:44]} Rb7 {[%emt 0:01:21]} 39. Bb6 {[%emt 0:04:30]} Rbb8 {[%emt 0:02:34]} 40. Be3 {[%emt 0:03:10]} Be7 {[%emt 0:00:40]} 41. R1c2 {[%emt 0:02:02]} Bd8 {[%emt 0:00:44]} 42. Kd3 {[%emt 0:04:46]} Be7 {[%emt 0:00:45]} 43. Bb6 {[%emt 0:03:13]} Bd8 {[%emt 0:00:14]} 44. Ba5 {[%emt 0:00:14]} Rb7 {[%emt 0:00:26]} 45. Ke3 {[%emt 0:01:30]} Rbb8 {[%emt 0:01:00]} 46. f4 {[%emt 0:00:26]} exf4+ {[%emt 0:01:22]} 47. Kxf4 {[%emt 0:00:05]} Rb7 {[%emt 0:00:06]} 48. Ke3 {[%emt 0:01:14]} Rbb8 {[%emt 0:02:14]} 49. Kd3 {[%emt 0:00:22]} Rb7 {[%emt 0:02:33]} 50. e5 {[%emt 0:01:30]} dxe5 {[%emt 0:01:06]} 51. d6 {[%emt 0:00:30]} Nd5 {[%emt 0:00:37]} 52. Rxc8 {[%emt 0:00:05]} Bxa5 {[%emt 0:00:03]} 53. bxa5 {[%emt 0:00:05]} Nb4+ {[%emt 0:00:04]} 54. Ke4 {[%emt 0:00:19]} Nxc2 {[%emt 0:00:12]} 55. Rxc2 {[%emt 0:00:05]} b4 {[%emt 0:00:15]} 56. Nc4 {[%emt 0:00:33]} b3 {[%emt 0:00:15]} 57. axb3 {[%emt 0:00:06]} axb3 {[%emt 0:00:04]} 58. Rb2 {[%emt 0:00:07]} Rb4 {[%emt 0:00:05]} 59. Kd3 {[%emt 0:00:11]} 1-0

[Event "84th ESP-ch 2019"]
[Site "Marbella"]
[Date "2019.11.18"]
[Round "3.12"]
[White "Ramirez Diaz, Jose Ramon"]
[Black "Asis Gargatagli, Hipolito"]
[Result "1/2-1/2"]
[WhiteElo "2171"]
[BlackElo "2497"]
[Annotator "RC"]
[PlyCount "89"]
[EventDate "2019.11.16"]
[EventType "swiss"]
[EventCountry "ESP"]
[SourceTitle "playchess.com"]
[Source "ChessBase"]
[SourceQuality "1"]
[TimeControl "5400+30"]

1. e4 {[%emt 0:00:00]} c5 {[%emt 0:00:00]} 2. Nf3 {[%emt 0:00:00]} d6 {[%emt 0:00:00]} 3. d4 {[%emt 0:00:04]} cxd4 {[%emt 0:00:09]} 4. Nxd4 {[%emt 0:00:06]} Nf6 {[%emt 0:00:05]} 5. Nc3 {[%emt 0:00:08]} a6 {[%emt 0:00:10]} 6. Qe2 {[%emt 0:00:10]} Nbd7 {[%emt 0:01:39]} 7. g4 {[%emt 0:01:43]} g6 {[%emt 0:00:55]} 8. Bg2 {[%emt 0:05:07]} Bg7 {[%emt 0:01:29]} 9. Be3 {[%emt 0:00:50]} h5 {[%emt 0:09:10]} 10. gxh5 {[%emt 0:07:41]} Rxh5 {[%emt 0:01:40]} 11. O-O-O {[%emt 0:10:50]} Qc7 {[%emt 0:07:01]} 12. f4 {[%emt 0:05:33]} e5 {[%emt 0:24:28]} 13. Ndb5 {[%emt 0:15:03]} axb5 {[%emt 0:00:18]} 14. Nxb5 {[%emt 0:00:35]} Qa5 {[%emt 0:00:35]} 15. Nxd6+ {[%emt 0:00:12]} Kf8 {[%emt 0:00:07]} 16. Qc4 {[%emt 0:00:10]} Qxa2 {[%emt 0:00:04]} 17. Qxa2 {[%emt 0:01:30]} Rxa2 {[%emt 0:00:05]} 18. Nxc8 {[%emt 0:00:06]} exf4 {[%emt 0:01:26]} 19. Bxf4 {[%emt 0:01:20]} Rb5 {[%emt 0:00:44]} 20. e5 {[%emt 0:29:23]} Rbxb2 {[%emt 0:16:33]} 21. Rd2 {[%emt 0:00:12]} Ng4 {[%emt 0:16:02]} 22. Bd5 {[%emt 0:01:45]} Ngxe5 {[%emt 0:00:27]} 23. Bxa2 {[%emt 0:05:28]} Rxa2 {[%emt 0:00:04]} 24. Kb1 {[%emt 0:00:05]} Ra8 {[%emt 0:02:15]} 25. Bxe5 {[%emt 0:05:35]} Bxe5 {[%emt 0:00:05]} 26. c3 {[%emt 0:00:04]} Nf6 {[%emt 0:13:43]} 27. Nb6 {[%emt 0:01:55]} Bxc3 {[%emt 0:00:06]} 28. Nxa8 {[%emt 0:03:09]} Bxd2 {[%emt 0:00:04]} 29. Kc2 {[%emt 0:00:06]} Bf4 {[%emt 0:00:13]} 30. h3 {[%emt 0:00:35]} Ne4 {[%emt 0:01:23]} 31. Rf1 {[%emt 0:00:43]} Bd6 {[%emt 0:01:03]} 32. Nb6 {[%emt 0:00:44]} Kg7 {[%emt 0:00:32]} 33. Nd5 {[%emt 0:02:58]} Ng5 {[%emt 0:01:09]} 34. Rh1 {[%emt 0:01:51]} Be5 {[%emt 0:02:18]} 35. Kd3 {[%emt 0:00:10]} f5 {[%emt 0:00:13]} 36. Ke3 {[%emt 0:00:45]} Kh6 {[%emt 0:00:11]} 37. Nf4 {[%emt 0:00:36]} b5 {[%emt 0:00:57]} 38. h4 {[%emt 0:00:28]} Ne4 {[%emt 0:00:18]} 39. Rg1 {[%emt 0:00:08]} Bxf4+ {[%emt 0:00:17]} 40. Kxf4 {[%emt 0:00:09]} Nf2 {[%emt 0:00:26]} 41. Rb1 {[%emt 0:00:25]} b4 {[%emt 0:01:02]} 42. Kg3 {[%emt 0:00:07]} Ne4+ {[%emt 0:00:09]} 43. Kh3 {[%emt 0:00:16]} Nf2+ {[%emt 0:00:08]} 44. Kg3 {[%emt 0:00:19]} Ne4+ {[%emt 0:00:16]} 45. Kh3 {[%emt 0:00:26]} 1/2-1/2

[Event "84th ESP-ch 2019"]
[Site "Marbella"]
[Date "2019.11.18"]
[Round "3.13"]
[White "Ibarra Jerez, Jose Carlos"]
[Black "Arroyo Rodriguez, Jesus"]
[Result "1-0"]
[WhiteElo "2540"]
[BlackElo "2112"]
[Annotator "TA"]
[PlyCount "63"]
[EventDate "2019.11.16"]
[EventType "swiss"]
[EventCountry "ESP"]
[SourceTitle "playchess.com"]
[Source "ChessBase"]
[SourceQuality "1"]

{[%evp 9,65,25,20,0,0,-24,-25,-27,8,9,16,10,41,0,95,99,102,86,88,91,112,91,115,57,45,52,88,79,157,170,243,235,340,271,257,247,322,258,244,251,280,272,275,305,343,351,354,311,383,373,510,516,537,537,531,515,528,507]} 1. e4 c6 2. d4 d5 3. e5 Bf5 4. Be3 Qb6 5. Qc1 e6 6. Nd2 {B12: Caro-Kann: Advance Variation} c5 (6... Bg6 7. c4 Ne7 8. c5 Qc7 9. f4 h5 10. Ngf3 Nf5 11. Bf2 a5 12. Be2 b6 13. O-O {½-½ (49) Zhu,J (2424)-Dreev,A (2670) chess.com INT 2019}) 7. Nb3 {[%cal Rd4c5]} c4 8. Nd2 {Black has an edge.} Nc6 {Hoping for ...Nb4.} 9. c3 $1 f6 10. Ngf3 Rc8 $146 ({Predecessor:} 10... fxe5 11. Nxe5 Nxe5 12. dxe5 Bc5 13. Bxc5 Qxc5 {0-1 (46) Getz,N (2333)-Jaracz,P (2565) Aix les Bains 2011}) 11. Be2 (11. Nxc4 $5 dxc4 12. d5 $11) 11... Nge7 (11... fxe5 $11 12. Nxe5 Nxe5 13. dxe5 Bc5) 12. exf6 $16 gxf6 13. Nh4 Bg6 14. O-O Nf5 15. Nxf5 Bxf5 {[#]} 16. Bh5+ (16. Nxc4 $1 $16 {[%mdl 512]} dxc4 17. d5) 16... Bg6 $14 17. Bg4 Kf7 18. Nxc4 Qc7 ({But not} 18... dxc4 $2 {[#]} 19. d5 $1 $18 {[%mdl 512]}) ({Better is} 18... Qa6) 19. Bf4 $36 {[%mdl 2048] Black is under strong pressure.} Qd8 (19... Qd7 {was necessary.}) 20. Re1 $18 Be4 (20... f5 {keeps fighting.}) 21. Nd2 h5 22. Bh3 ({Much less strong is} 22. Nxe4 $6 hxg4 23. Ng3 Qd7 $16) 22... f5 23. f3 Bd3 {and if ...Nxd4 works, Black does fine.} 24. Nb3 {And now Qe3 would win.} Qf6 25. Qe3 Bb5 26. a4 Ba6 27. Bg5 Qg6 28. f4 h4 29. Nd2 Bd6 30. b4 {White is clearly winning.} Bc4 31. Nxc4 dxc4 {[#]} 32. Qf3 {Played: d4-d5} 1-0

[Event "84th ESP-ch 2019"]
[Site "Marbella"]
[Date "2019.11.18"]
[Round "3.14"]
[White "Silva Lucena, Cristian"]
[Black "Narciso Dublan, Marc"]
[Result "0-1"]
[WhiteElo "2244"]
[BlackElo "2517"]
[Annotator "TA"]
[PlyCount "78"]
[EventDate "2019.11.16"]
[EventType "swiss"]
[EventCountry "ESP"]
[SourceTitle "playchess.com"]
[Source "ChessBase"]
[SourceQuality "1"]

{[%evp 9,78,25,19,26,34,0,0,0,0,0,0,0,0,-13,0,0,4,0,0,-83,-90,-87,-85,-144,-70,-99,-115,-165,-173,-352,-202,-297,-307,-260,-238,-258,-235,-312,-209,-318,-311,-304,-303,-367,-360,-360,-340,-469,-452,-554,-553,-607,-593,-597,-611,-746,-700,-661,-640,-2527,-2244,-29986,-29987,-29987,-29988,-29988,-29989,-29991,-29992,-29995,-29996]} 1. Nf3 d5 2. c4 d4 3. b4 {[%cal Bb2b4,Bb4c5][%mdl 32]} Bg4 4. Qb3 c5 $146 ({Predecessor:} 4... Bxf3 5. Qxf3 c6 6. g3 e5 7. b5 Nf6 8. Bg2 Be7 9. d3 O-O 10. O-O a6 11. Nd2 Qc7 12. bxc6 Nxc6 {1-0 (41) Duda,J (2731)-Laznicka,V (2670) Prague 2019}) 5. Ne5 Bc8 6. bxc5 {A09: Réti Opening: 1 Nf3 d5 2 c4} Qc7 7. Qb5+ (7. Qg3 {is interesting.} Nd7 8. Nxd7 Qxg3 9. hxg3 Bxd7 10. e3) 7... Nc6 8. Nxc6 {The position is equal.} bxc6 9. Qa4 e5 10. g3 Bxc5 11. Bg2 Ne7 12. O-O Bg4 13. f3 Bd7 14. f4 (14. Ba3 $11 {remains equal.} Bxa3 15. Nxa3) 14... exf4 $1 $17 {...d3+ is the strong threat.} 15. Rxf4 Bd6 16. Rf2 {[#]} (16. d3 $142) 16... c5 ({Black should try} 16... h5 $1 $17 {[%cal Rh5h4] aiming for ...h4.} 17. c5 Be5) 17. Qc2 Rb8 $36 {[%mdl 2048] Black is really pushing.} 18. d3 {[#]} h5 $1 {[%cal Rh5h4] White must now prevent ...h4.} 19. e4 $2 (19. Bf4) 19... Ng6 (19... h4 $142 20. Bf4 hxg3 21. hxg3 Bxf4 22. gxf4 Ng6) 20. Bf3 (20. e5 $142 Bxe5 21. Bd5) 20... h4 $19 21. g4 h3 22. Qe2 Bf4 23. Nd2 Rh4 {Hoping for ...Be3.} 24. Nf1 (24. Nb3 $142) 24... Bxc1 25. Rxc1 Qf4 26. Rd1 Ne5 27. Ng3 g6 (27... Bxg4 $2 28. Bxg4 Qxg4 29. Qc2 $17) 28. Kh1 Qe3 29. Qf1 Ba4 30. Re1 Qxd3 31. Be2 Qc3 32. Rf6 d3 33. Bxd3 Nxd3 34. Re3 {[#]} Nf2+ $1 {[%mdl 576] Discovered Attack, Deflection} 35. Qxf2 Rb1+ {Black mates.} 36. Nf1 {[#]} Rxf1+ $1 {[%mdl 576] Remove Defender, Deflection} 37. Qxf1 Qxe3 38. Qb1 Ke7 39. Rf1 {[#]} Bc6 $1 {Accuracy: White = 28%, Black = 61%.} 0-1

[Event "84th ESP-ch 2019"]
[Site "Marbella"]
[Date "2019.11.18"]
[Round "3.15"]
[White "Diaz Camallonga, Carles"]
[Black "Rodriguez Redondo, Adhara"]
[Result "1-0"]
[WhiteElo "2465"]
[BlackElo "2199"]
[Annotator "TA"]
[PlyCount "86"]
[EventDate "2019.11.16"]
[EventType "swiss"]
[EventCountry "ESP"]
[SourceTitle "playchess.com"]
[Source "ChessBase"]
[SourceQuality "1"]

{[%evp 17,86,26,29,11,50,61,50,54,63,60,52,52,81,55,97,31,90,78,86,86,92,79,158,175,167,170,196,210,199,189,205,203,193,178,208,203,223,207,248,160,306,291,297,239,238,254,243,245,264,265,327,260,300,289,270,279,285,281,342,344,504,462,966,951,1894,453,711,704,669,629,29987]} 1. e4 e5 2. Nf3 Nc6 3. Bb5 a6 4. Ba4 Nf6 5. O-O b5 6. Bb3 Bb7 7. d3 Be7 8. Nc3 O-O 9. Bd2 d6 10. Nd5 {C84: Closed Ruy Lopez: Unusual White 6th moves} Nd4 $146 ({Predecessor:} 10... Nxd5 11. Bxd5 Qc8 12. a4 Nd8 13. Bxb7 Qxb7 14. b4 Ne6 15. Qb1 d5 16. exd5 Qxd5 17. Qa2 Qxa2 18. Rxa2 f6 19. Rfa1 {½-½ (29) Sadzikowski,D (2551)-Efimenko,Z (2661) Abu Dhabi 2016}) 11. Nxd4 exd4 12. Nxe7+ {White is slightly better.} Qxe7 13. Bg5 h6 14. Bh4 c5 15. Re1 Rac8 16. Bd5 (16. a4 $16) 16... g5 ({Black should try} 16... Bxd5 $14 17. exd5 Qd8) 17. Bxb7 $16 Qxb7 18. Bg3 Qd7 19. f4 Rc6 (19... Ng4 $142) 20. fxg5 hxg5 21. Rf1 Nh7 {[#]} 22. Rf5 $1 f6 23. Qg4 {And now Rxg5+! would win.} Rf7 24. Raf1 Rg7 25. Qf3 Qe6 26. a3 Rc8 27. Rd5 Rd8 28. Qf5 Kf7 (28... Qxf5 $16 29. Rfxf5 (29. Rdxf5 Rgd7 $16) 29... Rgd7) 29. Qf2 $18 Kg8 30. b4 Rc7 31. bxc5 Rxc5 32. Rxd4 ({Don't play} 32. Qxd4 Rxc2 33. Bxd6 (33. Rxd6 Rxd6 34. Bxd6 Qa2 $18) 33... Rd7) 32... Rcc8 33. Rd5 Rd7 34. Qd2 Kg7 35. Rf2 Rc5 36. Rff5 Rc6 37. h4 Rdc7 38. hxg5 fxg5 (38... Nxg5 $142 39. Qe3 Rf7) 39. Qe3 {White is clearly winning.} Kg8 (39... Rf7 $142 40. Rxf7+ Kxf7 41. Qa7+ Kg8) 40. Qd4 Rd7 41. c3 (41. Rxg5+ $142 Nxg5 42. Rxg5+ Kh7 43. Rh5+ Kg6 44. Qh8 Rxc2 45. Rh6+ {[%mdl 64] Skewer} Kf7 46. Rxe6 Kxe6 47. Qh3+ Ke7 48. Bh4+ Kf7 49. Qxd7+ {[%mdl 64] Double Attack} Kg6 50. Qe6+ Kh7 51. Qf7+ Kh6 52. Bf6) 41... Qg6 {[#]} (41... Rc5 $142 42. Bxd6 Rxd5 43. Rxd5 Rf7) 42. Rde5 $3 {[%mdl 512]} dxe5 43. Qxd7 Rxc3 {Accuracy: White = 71%, Black = 31%.} 1-0

[Event "84th ESP-ch 2019"]
[Site "Marbella"]
[Date "2019.11.18"]
[Round "3.16"]
[White "Tejedor Fuente, Enrique"]
[Black "Rodriguez Reinoso, Victoriano"]
[Result "1-0"]
[WhiteElo "2457"]
[BlackElo "2204"]
[Annotator "TA"]
[PlyCount "57"]
[EventDate "2019.11.16"]
[EventType "swiss"]
[EventCountry "ESP"]
[SourceTitle "playchess.com"]
[Source "ChessBase"]
[SourceQuality "1"]

{[%evp 15,57,0,0,3,17,0,9,-8,0,-4,-5,-8,0,0,0,-1,19,0,28,31,29,14,8,22,17,24,94,68,238,234,355,367,444,305,819,775,1289,1091,1280,1204,29990,29991,29995,29996]} 1. e4 c5 2. Nf3 e6 3. d4 cxd4 4. Nxd4 a6 5. Nc3 Qc7 6. Bd3 Nf6 7. O-O Nc6 8. Nb3 Be7 9. f4 {B43: Sicilian: Kan Variation: 5 Nc3} d6 10. Bd2 (10. Qf3 O-O 11. Kh1 b5 12. Bd2 Bb7 13. Qh3 b4 14. Ne2 a5 15. Rae1 Rfe8 16. Ng3 Ba6 17. f5 Bd8 18. Bg5 Nd7 {1-0 (53) Movsesian,S (2639)-Navara,D (2604) Czechia 2003}) 10... O-O 11. g4 $146 {The position is equal.} ({Predecessor:} 11. Qf3 b5 12. Rae1 Bb7 13. Qh3 b4 14. Ne2 a5 15. Ned4 Nxd4 16. Nxd4 {1-0 (30) Van Leeuwen,E (2440)-Rezzuti,V (2423) ICCF email 2008}) 11... d5 12. e5 Nd7 13. g5 Re8 14. Rf3 {Strongly threatening Bxh7+!} g6 $1 15. Qe1 Nb4 16. Nd1 {[%cal Bc3d1,Bd1f2,Bf2e4,Be4f6][%mdl 32]} Nxc2 17. Bxc2 Qxc2 18. Rc3 Qe4 19. Qxe4 dxe4 20. Be3 b5 (20... h6 $11 {remains equal.}) 21. Nf2 $36 {[%mdl 2048] Black is under pressure.} Rb8 $2 {[#]} (21... h6 $14) 22. Rac1 $1 $18 Bb4 (22... h5 {might work better.} 23. Rc7 (23. Nxe4 Bb7 $16) 23... Nf8 24. Nxe4 Bb7) 23. Rc7 Nf8 24. Nxe4 Rd8 $2 (24... Be7 25. Bd4 b4) 25. a3 {[%cal Ba2a3,Ba3b4][%mdl 32]} Rd3 26. Ba7 Ra8 27. axb4 Rxb3 28. Rxc8 Rxa7 29. Nf6+ {Accuracy: White = 75%, Black = 29%.} 1-0

[Event "84th ESP-ch 2019"]
[Site "Marbella"]
[Date "2019.11.18"]
[Round "3.17"]
[White "Garza Marco, Sergio"]
[Black "Vega Gutierrez, Belinda"]
[Result "1-0"]
[WhiteElo "2400"]
[BlackElo "2161"]
[Annotator "TA"]
[PlyCount "91"]
[EventDate "2019.11.16"]
[EventType "swiss"]
[EventCountry "ESP"]
[SourceTitle "playchess.com"]
[Source "ChessBase"]
[SourceQuality "1"]

{[%evp 12,91,28,26,45,49,46,50,46,47,65,52,66,58,59,52,58,60,86,94,91,74,89,52,91,73,66,64,56,37,158,107,146,148,151,145,178,79,121,123,135,143,162,150,149,149,125,129,256,246,270,125,125,124,136,136,129,128,144,106,106,107,100,81,74,77,119,110,166,172,172,177,191,190,184,198,210,209,207,199,1405,1283]} 1. Nf3 d5 2. c4 e6 3. g3 Nf6 4. Bg2 Be7 5. O-O O-O 6. b3 a5 7. Nc3 Nc6 {A14: English Opening: 1...e6 with b3 by White} (7... c6 8. Bb2 Nbd7 9. d4 Rb8 10. Ne5 Bd6 11. f4 Ne8 12. e3 Bb4 13. Ne2 Be7 14. Qc2 Nd6 15. g4 f6 16. Nxd7 Bxd7 17. f5 {1-0 (69) Grandelius,N (2687)-Saduakassova,D (2461) Reykjavik 2019}) 8. d4 Ne4 9. Bb2 Nxc3 {White is slightly better.} 10. Bxc3 f5 11. Ne1 $146 ({Predecessor:} 11. e3 b6 12. Qe2 Ba6 13. Rfc1 a4 14. Ne1 Ba3 15. Bb2 Bxb2 16. Qxb2 Ne7 {1-0 (26) Gralka,J (2287)-Galyga,J (1885) Polanica Zdroj 2010}) 11... Bf6 12. cxd5 exd5 13. e3 Qd6 14. Nd3 Kh8 15. Qd2 b6 16. Rfc1 Bb7 17. a4 Rae8 18. Bb2 Rf7 19. Ba3 Qd8 20. Ra2 Nb8 (20... Be7 $14) 21. h4 (21. b4 $142) 21... g6 22. b4 axb4 23. Bxb4 Ba6 24. Nb2 (24. a5 $18 {and White stays clearly on top.}) 24... c6 25. a5 Bb5 26. axb6 Qxb6 27. Bc5 Qd8 28. Ra8 Rb7 29. Nd3 Bxd3 (29... Qd7 $16 {was necessary.} 30. Rca1 Bxd3) 30. Qxd3 $18 Be7 31. Ba7 (31. Rb1 $18 Rxb1+ 32. Qxb1 Bxc5 33. dxc5) 31... Qd7 $16 32. Bxb8 Rexb8 33. Rxb8+ Rxb8 34. Qa6 f4 35. Qxc6 Qxc6 36. Rxc6 {[%mdl 4096] Endgame KRB-KRB} Rb1+ 37. Kh2 fxe3 38. fxe3 Rb2 39. Kh3 Re2 {[#]} (39... Rb5 $16 {might work better.} 40. Kg4 Kg7) 40. Re6 $1 $18 {[%cal Re6e7]} ({Much less strong is} 40. Bxd5 $6 Rxe3 41. Bc4 Bb4 $14) 40... Bb4 41. Bf3 Re1 42. Kg2 Bd2 43. Kf2 ({Don't do} 43. Bxd5 $6 Rxe3 44. Rd6 Bb4 $16) 43... Kg7 44. Bxd5 Rb1 45. Re7+ Kh6 $2 {[#]} (45... Kh8 46. Kf3 Be1) 46. Bg8 {Accuracy: White = 61%, Black = 32%.} 1-0

[Event "84th ESP-ch 2019"]
[Site "Marbella"]
[Date "2019.11.18"]
[Round "3.18"]
[White "Suarez Uriel, Adrian"]
[Black "Donado-Mazarron Gomez, Miguel"]
[Result "1-0"]
[WhiteElo "2389"]
[BlackElo "2171"]
[Annotator "TA"]
[PlyCount "65"]
[EventDate "2019.11.16"]
[EventType "swiss"]
[EventCountry "ESP"]
[SourceTitle "playchess.com"]
[Source "ChessBase"]
[SourceQuality "1"]

{[%evp 25,77,-27,44,20,89,94,93,95,130,83,179,188,172,169,171,169,162,159,180,152,150,150,162,152,426,438,441,422,634,614,876,857,1016,972,955,889,1758,864,29986,29986,29992,29986,29986,29987,29986,29987,29987,12842,29988,29989,29989,29990,29992,29991]} 1. e4 c5 2. Ne2 Nf6 3. Nbc3 d6 4. g3 g6 5. Bg2 Bg7 6. d4 cxd4 7. Nxd4 O-O 8. O-O Nc6 9. Nde2 Rb8 10. a4 a6 11. Nd5 b5 12. axb5 axb5 13. h3 Bd7 ({Better is} 13... b4 $11) 14. Be3 {B70: Sicilian Dragon: 6 g3 and 6 Be2 (without a later Be3)} (14. Bg5 Nxd5 15. exd5 Ne5 16. Nd4 h6 17. Bc1 Qc8 18. Kh2 Qc5 19. Nb3 Qc7 20. Be3 Nc4 21. Ra7 Nxe3 22. Rxc7 Nxd1 23. Rxd1 {½-½ (70) Mchedlishvili,M (2601)-Artemiev,V (2653) Doha 2016}) 14... Nxd5 (14... b4 $11 {keeps the balance.}) 15. exd5 $16 Na5 16. Bd4 {White is better.} b4 17. Re1 b3 (17... Be5 $16) 18. Bxg7 $146 ({Predecessor:} 18. c3 Qc7 19. Bxg7 Kxg7 20. Nd4 Rfe8 21. Re4 Bc8 22. Qc1 Bb7 23. Rh4 Rh8 24. Qh6+ Kg8 25. Be4 Bc8 26. Ne6 Bxe6 27. dxe6 f5 28. Bxf5 {1-0 (28) Kaniak,J (1975)-Harazinska,E Warsaw 2008}) 18... Kxg7 19. Qd2 Nc4 20. Qd4+ {[%mdl 64] Double Attack} Ne5 21. f4 {[%mdl 64] Pin} f6 22. c4 ({Don't take} 22. fxe5 $6 fxe5 23. Qd3 bxc2 $16) 22... Nf7 23. Qe3 Qc8 24. Nd4 $36 {[%mdl 2048] Black is under strong pressure.} (24. Qxe7 $2 Re8 $19) 24... Qxc4 $2 (24... Re8 $16 {was worth a try.}) 25. Ra7 {Strongly threatening Rc1.} Rb4 26. Rd1 (26. Rxd7 Qxd4 27. Qxd4 Rxd4 $14) 26... Bc8 (26... Rd8 $142 27. Ne6+ (27. Qxe7 Qc5 $14) 27... Bxe6) 27. Rxe7 Kg8 28. Ne6 Bxe6 29. dxe6 (29. Qxe6 Qc5+ 30. Kh2 Rc4 $11) 29... Nh6 30. g4 Qc2 31. Rc1 (31. Rxd6 $142 Rc4 32. Rdd7 Qc1+ 33. Kh2 Nf7 34. Rxf7 $1 {[%mdl 512]} Qh1+ 35. Kxh1 Rfc8 36. e7 $1 {[%mdl 512]}) 31... Qxb2 32. Rcc7 f5 {[#]} 33. Qa7 {Played: Re7-g7} 1-0